EMEA office market view (Record no. 107908)
[ view plain ]
| 000 -LEADER | |
|---|---|
| fixed length control field | 01322cad a22002295a 4500 |
| 001 - CONTROL NUMBER | |
| control field | L142511 |
| 008 - FIXED-LENGTH DATA ELEMENTS--GENERAL INFORMATION | |
| fixed length control field | 070711s2007 xxkd f s 000 0 eng d |
| 035 ## - SYSTEM CONTROL NUMBER | |
| System control number | (Sirsi) u142511 |
| 041 0# - LANGUAGE CODE | |
| Language code of text/sound track or separate title | eng |
| 050 04 - LIBRARY OF CONGRESS CALL NUMBER | |
| Classification number | 333.337 $2 18 |
| 110 2# - MAIN ENTRY--CORPORATE NAME | |
| Corporate name or jurisdiction name as entry element | CB Richard Ellis |
| 9 (RLIN) | 3675 |
| 245 00 - TITLE STATEMENT | |
| Title | EMEA office market view |
| Remainder of title | fourth quarter 2007 |
| Medium | [electronic resource] |
| 260 ## - PUBLICATION, DISTRIBUTION, ETC. | |
| Place of publication, distribution, etc. | [S.l.] |
| Name of publisher, distributor, etc. | CBRE |
| Date of publication, distribution, etc. | 2007 |
| 490 #0 - SERIES STATEMENT | |
| Series statement | EMEA Office Market View |
| Volume/sequential designation | Fourth Quarter 2007 |
| 520 ## - SUMMARY, ETC. | |
| Summary, etc. | Reports that demand continues to support prime office rents, but the rate of growth is slowing down. Finds that take up in Q4 was strong with local differences becoming more noticeable. Total 2007 take up was over 10 million square metres, in line with the 2006 total. Reports that the CB Richard Ellis EU-27 Rent Index increased by 1.1% in Q4, but that there is considerable variation in rental growth across the region. The CB Richard Ellis EU-27 Vacancy Rate Index fell to 6.80% in Q4. Concludes that upward yield movements are no longer confined to the UK. |
| 590 ## - LOCAL NOTE (RLIN) | |
| Local note | KA |
| 651 #4 - SUBJECT ADDED ENTRY--GEOGRAPHIC NAME | |
| Geographic name | Europe |
| 690 ## - LOCAL SUBJECT ADDED ENTRY--TOPICAL TERM (OCLC, RLIN) | |
| Topical term or geographic name as entry element | PROPERTY-COMMERCIAL PROPERTY-OFFICE PROPERTY-OFFICE PROPERTY MARKET |
| 690 ## - LOCAL SUBJECT ADDED ENTRY--TOPICAL TERM (OCLC, RLIN) | |
| Topical term or geographic name as entry element | PROPERTY-COMMERCIAL PROPERTY-COMMERCIAL PROPERTY MARKET |
| 856 40 - ELECTRONIC LOCATION AND ACCESS | |
| Uniform Resource Identifier | <a href="https://www.cbre.co.uk">https://www.cbre.co.uk</a> |
| Public note | View the market view free of charge at www.cbre.co.uk... |
| 942 ## - ADDED ENTRY ELEMENTS (KOHA) | |
| Suppress in OPAC | 0 |
| Withdrawn status | Lost status | Source of classification or shelving scheme | Damaged status | Not for loan | Home library | Current library | Shelving location | Date acquired | Total Checkouts | Full call number | Barcode | Date last seen | Copy number | Price effective from | Koha item type |
|---|---|---|---|---|---|---|---|---|---|---|---|---|---|---|---|
| Dewey Decimal Classification | Virtual | Virtual | Online | 21/02/2008 | L142511 | 142511-1001 | 06/08/2019 | 1 | 06/08/2019 | Book |